| 000 | 01784cad a22002175a 4500 | ||
|---|---|---|---|
| 001 | L157295 | ||
| 008 | 121012e20120812 000 0 eng u | ||
| 035 | _a(Sirsi) u157295 | ||
| 041 | _aeng | ||
| 110 |
_aUnited Kingdom _bOffice of National Statistics _92035 |
||
| 245 |
_aConstruction statistics annual report 2012 _h[electronic resource] |
||
| 260 |
_aNewport _bONS _c2012 |
||
| 490 | 0 |
_aONS Construction Statistics _v(13) 2012 |
|
| 505 | _aNew orders -- Output -- Structure of the industry -- Price indices -- Cost indices -- Investment -- Commercial floor space -- Government department's construction plan -- Local authority expenditure -- National Lottery funded projects -- Planning applications and decisions -- Trends in employment and the professions -- Northern Ireland, Wales and Scotland -- Building materials -- International comparisons -- Key performance indicators and benchmarking -- Background notes | ||
| 520 | _aThis report brings together a wide range of statistics that are currently available on the construction industry from a variety of sources. It gives a broad perspective of statistical trends in the construction industry in Great Britain through the last decade together with some international comparisons and features on leading initiatives that may influence the future. This is the fourth web based only edition and the tables produced by ONS are available in Excel, allowing independent analyses of the published information. | ||
| 590 | _aKA NTK | ||
| 651 | 4 |
_aGreat Britain _y1707- |
|
| 690 |
_aConstruction management _96230 |
||
| 856 | 4 | 0 |
_uhttps://www.ons.gov.uk/ons/rel/construction/construction-statistics/no--13--2012-edition/art-construction-statistics-annual--2012.html _zView this item free of charge at www.ons.gov.uk |
| 942 | _n0 | ||
| 999 |
_c114705 _d114705 |
||